=LDR 00000nam 2200000 4500 =001 INLIS000000000041075 =005 20130612150628 =008 ***********************************Ind** =035 ##$$a0010-061300000041075 =041 ##$$a Ind =082 ##$$a 362.828 6 =090 ##$$a 362.828 6, Nad k =100 ##$$a Nadesul, Handrawan =245 ##$$a Kiat sehat pranikah, menjadi calon ibu, membesarkan bayi dan membangun keluarga muda, Hendrawan Nadesul =260 ##$$a 2009 $b Jakarta =300 ##$$a xvii, 246 hlm, ilus, 21 cm =650 ##$$a Perkawinan konsultasi =850 ##$$a NBPNMAT =990 ##$$a 21400613/BPAP-NTB/20142014 =990 ##$$a 0001/BPAP-NTB/20142014